Are you a land-condition specialist? (Record no. 70311)
[ view plain ]
| 000 -LEADER | |
|---|---|
| fixed length control field | 00939cam a2200217 4500 |
| 001 - CONTROL NUMBER | |
| control field | X118072 |
| 008 - FIXED-LENGTH DATA ELEMENTS--GENERAL INFORMATION | |
| fixed length control field | 020521n2002 000 0 eng u |
| 035 ## - SYSTEM CONTROL NUMBER | |
| System control number | (Sirsi) u118072 |
| 100 ## - MAIN ENTRY--PERSONAL NAME | |
| Personal name | Bennett, J. |
| 245 ## - TITLE STATEMENT | |
| Title | Are you a land-condition specialist? |
| 260 ## - PUBLICATION, DISTRIBUTION, ETC. | |
| Date of publication, distribution, etc. | 2002 |
| 490 ## - SERIES STATEMENT | |
| Series statement | Civil Engineering |
| Volume/sequential designation | 150(2) May 2002, 54(1) |
| 520 ## - SUMMARY, ETC. | |
| Summary, etc. | A new UK register of land-condition specialists has been set up to ensure a consistent approach to assessing contaminated land. The register has been developed with the assistance of the principal organisations in the field including RICS and aims to improve public confidence in the quality of information on land contamination. The register is available at www.silc.org.uk. |
| 650 ## - SUBJECT ADDED ENTRY--TOPICAL TERM | |
| Topical term or geographic name entry element | LAND-CONDITION SPECIALISTS |
| 650 ## - SUBJECT ADDED ENTRY--TOPICAL TERM | |
| Topical term or geographic name entry element | CONTAMINATED LAND |
| 650 ## - SUBJECT ADDED ENTRY--TOPICAL TERM | |
| Topical term or geographic name entry element | LAND-CONDITION RECORDS |
| 650 ## - SUBJECT ADDED ENTRY--TOPICAL TERM | |
| Topical term or geographic name entry element | SILC |
| 650 ## - SUBJECT ADDED ENTRY--TOPICAL TERM | |
| Topical term or geographic name entry element | SILC REGISTER |
| 690 ## - LOCAL SUBJECT ADDED ENTRY--TOPICAL TERM (OCLC, RLIN) | |
| Topical term or geographic name as entry element | ENVIRONMENT-CONTAMINATION |
| 942 ## - ADDED ENTRY ELEMENTS (KOHA) | |
| Suppress in OPAC | 0 |
| Withdrawn status | Lost status | Source of classification or shelving scheme | Damaged status | Not for loan | Home library | Current library | Shelving location | Date acquired | Total Checkouts | Full call number | Barcode | Date last seen | Copy number | Price effective from | Koha item type |
|---|---|---|---|---|---|---|---|---|---|---|---|---|---|---|---|
| Dewey Decimal Classification | London | London | Journal article | 21/05/2002 | X118072 | 118072-1001 | 06/08/2019 | 1 | 06/08/2019 | Journal article |